000 00341nam a22001577a 4500
020 _a978-81259-1879-0
041 _aENG
100 _aPandey.S.N
245 _aPlant Physiology
250 _aFourth Edi
260 _aNew Delhi
_bVikas Pub
_c2014
300 _a681
650 _aUPSC
700 _aSinha.B.K
856 _uCompetitive Exam
999 _c232
_d232